The challenge of Third World development (Record no. 16222)
[ view plain ]
| 000 -LEADER | |
|---|---|
| fixed length control field | 00497nam a2200205Ia 4500 |
| 003 - CONTROL NUMBER IDENTIFIER | |
| control field | 0100 |
| 005 - DATE AND TIME OF LATEST TRANSACTION | |
| control field | 20190702123824.0 |
| 008 - FIXED-LENGTH DATA ELEMENTS--GENERAL INFORMATION | |
| fixed length control field | 130303s9999 xx 000 0 und d |
| 020 ## - INTERNATIONAL STANDARD BOOK NUMBER | |
| International Standard Book Number | 133279588 |
| 040 ## - CATALOGING SOURCE | |
| Transcribing agency | ARRUPELIB |
| 050 ## - LIBRARY OF CONGRESS CALL NUMBER | |
| Classification number | HC59.7.H2991996 |
| 300 ## - PHYSICAL DESCRIPTION | |
| Other physical details | 273p. 23cm. |
| 100 ## - MAIN ENTRY--PERSONAL NAME | |
| Personal name | Handelman, Howard, 1943- |
| 9 (RLIN) | 17285 |
| 245 #4 - TITLE STATEMENT | |
| Title | The challenge of Third World development |
| 260 ## - PUBLICATION, DISTRIBUTION, ETC. (IMPRINT) | |
| Place of publication, distribution, etc | Upper Saddle River |
| Name of publisher, distributor, etc | Prentice-Hall |
| Date of publication, distribution, etc | 1996 |
| 300 ## - PHYSICAL DESCRIPTION | |
| Extent | xiii |
| 650 ## - SUBJECT ADDED ENTRY--TOPICAL TERM | |
| Topical term or geographic name as entry element | Economic development |
| 9 (RLIN) | 9273 |
| 700 ## - ADDED ENTRY--PERSONAL NAME | |
| Personal name | Howard Handelman |
| 9 (RLIN) | 46786 |
| 942 00 - ADDED ENTRY ELEMENTS (KOHA) | |
| Koha issues (borrowed), all copies | 1 |
| Source of classification or shelving scheme | Library of Congress Classification |
| Koha item type | Monograph ( Printed materials) |
| Withdrawn status | Lost status | Source of classification or shelving scheme | Damaged status | Not for loan | Collection code | Home library | Current library | Shelving location | Date acquired | Total Checkouts | Full call number | Barcode | Date last seen | Date checked out | Copy number | Price effective from | Koha item type |
|---|---|---|---|---|---|---|---|---|---|---|---|---|---|---|---|---|---|
| Library of Congress Classification | Main Collection | ARRUPE LIBRARY | ARRUPE LIBRARY | 04/03/2013 | 7 | HC59.7.H2991996 | 46003046104 | 25/09/2018 | 12/09/2018 | 1 | 04/03/2013 | Monograph ( Printed materials) |